|
|
|
|
| LEADER |
00000naa2a2200000 4500 |
| 001 |
606823 |
| 005 |
20260305164057.0 |
| 035 |
|
|
|a (RuTPU)RU\TPU\conf\4202
|
| 035 |
|
|
|a RU\TPU\conf\4201
|
| 090 |
|
|
|a 606823
|
| 100 |
|
|
|a 20140618d2014 k y0rusy50 ca
|
| 101 |
0 |
|
|a rus
|
| 102 |
|
|
|a RU
|
| 135 |
|
|
|a drcn ---uucaa
|
| 181 |
|
0 |
|a i
|
| 182 |
|
0 |
|a b
|
| 200 |
1 |
|
|a Влияние примесей замещения на сорбцию водорода в титане
|d Influence of substitutional impurities on hydrogen sorption in titanium
|f Т. И. Спиридонова, Е. В. Туч, А. В. Бакулин
|g науч. рук. С. Е. Кулькова
|
| 203 |
|
|
|a Текст
|c электронный
|
| 215 |
|
|
|a 1 файл(436 Кб)
|
| 225 |
1 |
|
|a Физика
|
| 300 |
|
|
|a Заглавие с экрана
|
| 320 |
|
|
|a [Библиогр.: с. 202 (4 назв.)]
|
| 330 |
|
|
|a The influence of substitutional impurities on the hydrogen absorption energy in α-Ti is investigated by the projector augmented wave method within the density functional theory. Obtained results demonstrate that simple metal atoms are repulsive to H, whereas transition metal atoms attract H and provide traps for H. The relationship between the interaction energy, the lattice distortion and the electronic structure is analyzed. It is shown that the repulsive interaction between simple metal atoms and H is mainly due to Pauli principle but electronic factors can be responsible for the attractive interaction of H with transition metals.
|
| 337 |
|
|
|a Adobe Reader
|
| 463 |
|
1 |
|0 (RuTPU)RU\TPU\conf\3586
|t Перспективы развития фундаментальных наук
|l Prospects of fundamental sciences development
|o сборник научных трудов XI Международной конференция студентов и молодых ученых, г. Томск, 22-25 апреля 2014 г.
|f Национальный исследовательский Томский политехнический университет (ТПУ) ; под ред. Е. А. Вайтулевич
|v [С. 200-202]
|d 2014
|
| 510 |
1 |
|
|a Influence of substitutional impurities on hydrogen sorption in titanium
|z eng
|
| 610 |
1 |
|
|a электронный ресурс
|
| 610 |
1 |
|
|a труды учёных ТПУ
|
| 610 |
1 |
|
|a примеси
|
| 610 |
1 |
|
|a замещение
|
| 610 |
1 |
|
|a сорбция
|
| 610 |
1 |
|
|a водород
|
| 610 |
1 |
|
|a титан
|
| 700 |
|
1 |
|a Спиридонова
|b Т. И.
|c специалист в области материаловедения
|c инженер Томского политехнического университета
|f 1994-
|g Татьяна Игоревна
|3 (RuTPU)RU\TPU\pers\43140
|
| 701 |
|
1 |
|a Туч
|b Е. В.
|
| 701 |
|
1 |
|a Бакулин
|b А. В.
|
| 702 |
|
1 |
|a Кулькова
|b С. Е.
|4 727
|
| 801 |
|
1 |
|a RU
|b 63413507
|c 20101016
|
| 801 |
|
2 |
|a RU
|b 63413507
|c 20190220
|g RCR
|
| 856 |
4 |
|
|u http://www.lib.tpu.ru/fulltext/c/2014/C21/061.pdf
|
| 942 |
|
|
|c CF
|